000 01287nam a22002777a 4500
005 20111213124454.0
010 _aENG-104310 B-492525
020 _a9780198075981
_c795.00
020 _a0198075987
_c795.00
035 _aEN-87843 B-492525
037 _bDBAD/PUB
037 _bUBH/Ven
082 _a791.430954792
245 1 4 _aTravels of Bollywood cinema :
_cedited by Anjali Gera Roy [and] Chua Beng Huat
_bfrom Bombay to LA /
260 _aNew Delhi
_bOxford University Press
_c2012
270 _aYMCA Library Building , 1 Jai Singh Road
_bNew Delhi
_e110001
300 _axxxi,356p.
_c23cm (Hb)
500 _aIncludes bibliographical references and index
700 _aRoy, Anjali Gera
_936890
700 _aHuat, Chua Beng
_936891
942 _2ddc
_cEN
_h791.430954792
_mTRA
999 _c59391
_d59391